[Event "EU-chT Seniors 65"]
[Site "Novi Sad"]
[Date "2017.07.02"]
[Round "8.1"]
[White "Cabarkapa, Spasoje"]
[Black "Schrickx, Frank"]
[Result "1/2-1/2"]
[WhiteElo "2229"]
[BlackElo "1804"]
[PlyCount "72"]
[EventDate "2017.06.25"]
[EventType "team-tourn"]
[EventRounds "9"]
[EventCountry "SRB"]
[SourceTitle "CBM 179 Extra"]
[Source "ChessBase"]
[SourceDate "2017.08.23"]
[SourceVersion "1"]
[SourceVersionDate "2017.08.23"]
[SourceQuality "1"]
[WhiteTeam "Serbia Gerontologic Centar 65"]
[BlackTeam "Belgium 65"]
[WhiteTeamCountry "SRB"]
[BlackTeamCountry "BEL"]

1. e4 c6 2. Nf3 d5 3. exd5 cxd5 4. Ne5 Nc6 5. d4 g6 6. c3 Bg7 7. f4 Nf6 8. Bd3 0-0 9. 0-0 Ne8 10. Nd2 Nxe5 11. fxe5 f6 12. exf6 exf6 13. Nf3 Nd6 14. Qb3 Be6 15. Bf4 b6 16. Rfe1 Bf7 17. Qa3 Nc4 18. Bxc4 dxc4 19. Re7 Qd5 20. Rxa7 Rxa7 21. Qxa7 Qb5 22. Qa3 Re8 23. b4 cxb3 24. axb3 g5 25. Bg3 g4 26. Ne1 Qe2 27. Qa2 Qe3+ 28. Bf2 Qxc3 29. Rb1 f5 30. Qa1 Qxa1 31. Rxa1 Bxb3 32. Nd3 Bc4 33. Ne5 Bxe5 34. dxe5 Rxe5 35. Bxb6 Re2 36. Bf2 Ra2 1/2-1/2

[Event "EU-chT Seniors 65"]
[Site "Novi Sad"]
[Date "2017.06.26"]
[Round "2.2"]
[White "Scowen, Roger S"]
[Black "Cabarkapa, Spasoje"]
[Result "0-1"]
[WhiteElo "1840"]
[BlackElo "2229"]
[PlyCount "96"]
[EventDate "2017.06.25"]
[EventType "team-tourn"]
[EventRounds "9"]
[EventCountry "SRB"]
[SourceTitle "CBM 179 Extra"]
[Source "ChessBase"]
[SourceDate "2017.08.23"]
[SourceVersion "1"]
[SourceVersionDate "2017.08.23"]
[SourceQuality "1"]
[WhiteTeam "England 65"]
[BlackTeam "Serbia Gerontologic Centar 65"]
[WhiteTeamCountry "ENG"]
[BlackTeamCountry "SRB"]

1. e4 c5 2. c4 Nc6 3. Nc3 e6 4. f4 d6 5. Nf3 Nf6 6. d4 cxd4 7. Nxd4 Be7 8. Be2 a6 9. Be3 Bd7 10. Qd2 Rc8 11. 0-0 Qc7 12. Rad1 Na5 13. b3 Nc6 14. g4 Nxd4 15. Qxd4 Bc6 16. g5 e5 17. Qd3 Nd7 18. f5 f6 19. Bh5+ Kd8 20. Nd5 Bxd5 21. Qxd5 Rf8 22. g6 hxg6 23. fxg6 Qc6 24. Bg4 Rc7 25. Bf5 Ke8 26. Rf3 Qxd5 27. Rxd5 Rh8 28. Kg2 Rc6 29. Kg3 b6 30. Kg4 Rxh2 31. Rf2 Rxf2 32. Bxf2 Nc5 33. Rd1 b5 34. b4 Na4 35. cxb5 axb5 36. Be6 Rc2 37. Kf3 Nc3 38. Rh1 Nxe4 39. Be3 Ng5+ 40. Bxg5 fxg5 41. Kg4 Bf8 42. Bb3 Rd2 43. Kxg5 d5 44. Kf5 e4 45. Kf4 Rd3 46. Ke5 e3 47. Rh2 Kd7 48. Bxd5 Bd6+ 0-1

[Event "Vojvodina-ch 1st"]
[Site "Novi Sad"]
[Date "2010.07.29"]
[Round "6"]
[White "Markovic, Marko"]
[Black "Cabarkapa, Spasoje"]
[Result "1-0"]
[WhiteElo "2315"]
[BlackElo "2219"]
[PlyCount "121"]
[EventDate "2010.07.25"]
[EventType "swiss"]
[EventRounds "9"]
[EventCountry "YUG"]
[SourceTitle "CBM 137 Extra"]
[Source "ChessBase"]
[SourceDate "2010.09.01"]
[SourceVersion "1"]
[SourceVersionDate "2010.09.01"]
[SourceQuality "1"]

1. e4 c5 2. Nc3 e6 3. Nf3 a6 4. d4 cxd4 5. Nxd4 Nc6 6. Be3 Nf6 7. Nxc6 bxc6 8. e5 Nd5 9. Nxd5 cxd5 10. Bd3 Rb8 11. Qc1 Qc7 12. 0-0 d6 13. f4 dxe5 14. fxe5 Bc5 15. Bxc5 Qxc5+ 16. Kh1 h6 17. Qf4 Qe7 18. Rf3 Rb4 19. Qd2 Rg4 20. Raf1 0-0 21. Qe2 Rg5 22. h4 Rg4 23. g3 h5 24. Rf4 f5 25. exf6 Rxf6 26. Rxg4 Rxf1+ 27. Qxf1 hxg4 28. Bxa6 Bd7 29. Bb5 Bc8 30. Ba6 Bd7 31. Bb5 Bc8 32. Qf4 e5 33. Qg5 Qc7 34. Bd3 Bb7 35. Bf5 d4+ 36. Kh2 d3 37. Be6+ Kf8 38. Qf5+ Ke8 39. Qg6+ Kf8 40. Qf5+ Ke8 41. Qg6+ Kf8 42. Qxd3 Qc6 43. Qd8+ Qe8 44. Qxe8+ Kxe8 45. Bxg4 Be4 46. c3 Bd5 47. a4 Bb3 48. Kg2 Bxa4 49. Kf2 Ke7 50. Ke3 Kd6 51. b4 Kd5 52. Be2 Bb3 53. c4+ Ke6 54. Bd3 Bd1 55. Be4 Kd6 56. c5+ Ke6 57. b5 Ba4 58. b6 Kd7 59. Bd5 Bc2 60. c6+ Kd6 61. c7 1-0

[Event "Vojvodina-ch 1st"]
[Site "Novi Sad"]
[Date "2010.07.28"]
[Round "5"]
[White "Cabarkapa, Spasoje"]
[Black "Todorovic, Goran N"]
[Result "1/2-1/2"]
[WhiteElo "2219"]
[BlackElo "2398"]
[PlyCount "148"]
[EventDate "2010.07.25"]
[EventType "swiss"]
[EventRounds "9"]
[EventCountry "YUG"]
[SourceTitle "CBM 137 Extra"]
[Source "ChessBase"]
[SourceDate "2010.09.01"]
[SourceVersion "1"]
[SourceVersionDate "2010.09.01"]
[SourceQuality "1"]

1. e4 d5 2. exd5 Qxd5 3. Nc3 Qd6 4. d4 Nf6 5. Nb5 Qd8 6. Bc4 a6 7. Nc3 e6 8. a3 b5 9. Be2 c5 10. Be3 Nbd7 11. Nf3 Bb7 12. 0-0 Qc7 13. Qc1 Bd6 14. h3 0-0 15. Rd1 Rfd8 16. Ne1 cxd4 17. Bxd4 e5 18. Be3 Nc5 19. Bg5 Be7 20. Qe3 Ne6 21. Bxf6 Bxf6 22. Ne4 Be7 23. Rxd8+ Rxd8 24. Rd1 Nd4 25. Kf1 f5 26. Qc3 Qb6 27. Nd2 Bf6 28. Nb3 Nxe2 29. Rxd8+ Qxd8 30. Kxe2 e4 31. Qc5 Qd5 32. Qc7 Qc4+ 33. Qxc4+ bxc4 34. Nd2 c3 35. bxc3 Bxc3 36. Nc4 Bc6 37. Nd6 g6 38. Kd1 Bd4 39. f3 Bc5 40. Nc4 Bb5 41. Nd2 exf3 42. Nexf3 Bxa3 43. Nd4 Bd7 44. N2b3 Kf7 45. Kd2 Ke7 46. Kc3 Bd6 47. Kd3 Bc8 48. c4 Bb7 49. c5 Bc7 50. c6 Bc8 51. Nc5 Kd6 52. Kc4 Bb6 53. Nb7+ Kc7 54. Nc5 Ba7 55. Kd5 Bb8 56. Na4 g5 57. Nc5 h6 58. Na4 f4 59. Nc5 Ba7 60. Nde6+ Kb6 61. Nd7+ Kb5 62. Nc7+ Kb4 63. Kd6 a5 64. Nd5+ Kb3 65. N7b6 Bxb6 66. Nxb6 Ba6 67. c7 a4 68. Nxa4 Kxa4 69. Ke5 Bc8 70. Kf6 Kb5 71. Kg6 Kb6 72. Kxh6 Bxh3 73. Kxg5 Kxc7 74. Kxf4 Bxg2 1/2-1/2

[Event "Backa Palanka op 3rd"]
[Site "Backa Palanka"]
[Date "2002.05.10"]
[Round "9"]
[White "Cabarkapa, Spasoje"]
[Black "Kernazhitsky, Leonid"]
[Result "0-1"]
[WhiteElo "2287"]
[BlackElo "2401"]
[PlyCount "120"]
[EventDate "2002.05.02"]
[EventType "swiss"]
[EventRounds "9"]
[EventCountry "YUG"]
[SourceTitle "CBM 088 Extra"]
[Source "ChessBase"]
[SourceDate "2002.07.01"]
[SourceVersion "2"]
[SourceVersionDate "2002.07.01"]
[SourceQuality "1"]

1. e4 c5 2. c3 d5 3. exd5 Qxd5 4. d4 g6 5. Nf3 Bg7 6. Na3 Nf6 7. Bc4 Qe4+ 8. Be2 cxd4 9. Nb5 Na6 10. Nbxd4 0-0 11. 0-0 Qd5 12. Re1 Nc5 13. Bg5 Nce4 14. Bxf6 Nxf6 15. Bf1 Qd8 16. Qb3 a6 17. a4 Nd7 18. Rad1 e5 19. Nc2 Qc7 20. Ne3 Nc5 21. Nd5 Be6 22. Qc4 Rac8 23. Ng5 Bxd5 24. Rxd5 Qe7 25. Nf3 e4 26. Ng5 Rfe8 27. h4 Nd3 28. Qxd3 exd3 29. Rxe7 Rxe7 30. Bxd3 h6 31. Nf3 Rc6 32. Nd2 Re1+ 33. Kh2 Be5+ 34. g3 Rd6 35. Nf3 Ra1 36. Rxe5 Rxd3 37. Kg2 Ra2 38. Re8+ Kg7 39. Re7 Rxb2 40. Ne5 Rxc3 41. Rxf7+ Kg8 42. Rf6 g5 43. h5 Re2 44. Rg6+ Kf8 45. Nd7+ Ke7 46. Rg7+ Kd6 47. Nf6 b5 48. Ra7 b4 49. Rxa6+ Rc6 50. Ra7 Re6 51. Ng4 Kc5 52. a5 Ra6 53. Rc7+ Rec6 54. Rb7 Re6 55. Ne3 Rxa5 56. Nc2 Rb5 57. Rc7+ Kb6 58. Rc8 Rc5 59. Rb8+ Ka7 60. Rxb4 Rxc2 0-1

[Event "YUG-chT2"]
[Site "Yugoslavia"]
[Date "2000.09.??"]
[Round "2"]
[White "Mrsevic, Miroslav"]
[Black "Cabarkapa, Spasoje"]
[Result "1-0"]
[WhiteElo "2333"]
[BlackElo "2256"]
[PlyCount "73"]
[EventDate "2000.09.??"]
[EventType "team-tourn"]
[EventRounds "11"]
[EventCountry "YUG"]
[SourceTitle "EXT 2005"]
[Source "ChessBase"]
[SourceDate "2004.11.15"]
[SourceVersion "1"]
[SourceVersionDate "2004.11.15"]
[SourceQuality "1"]

1. f4 Nc6 2. Nf3 g6 3. e4 Bg7 4. Nc3 d6 5. Bc4 Nh6 6. h3 e5 7. 0-0 f6 8. fxe5 Nxe5 9. Nxe5 dxe5 10. d4 c6 11. Be3 exd4 12. Qxd4 Nf7 13. Qxd8+ Nxd8 14. Bd4 Rf8 15. Bc5 Rh8 16. Rad1 Ne6 17. Be3 Ke7 18. Rfe1 Bd7 19. a4 h5 20. b3 b6 21. Bc1 Rad8 22. Ba3+ Kf7 23. Rd6 c5 24. Red1 Ke7 25. a5 f5 26. exf5 gxf5 27. Na4 Be5 28. R6d5 Bxa4 29. bxa4 Bd4+ 30. Kf1 Rxd5 31. Bxd5 Kf6 32. a6 Nf4 33. Bc4 h4 34. Bc1 Nh5 35. Rd2 Ng3+ 36. Ke1 Ne4 37. Rd3 1-0

[Event "YUG-chT"]
[Site "Niksic"]
[Date "1996.??.??"]
[Round "?"]
[White "Cabarkapa, Spasoje"]
[Black "Ivanisevic, Ivan"]
[Result "0-1"]
[WhiteElo "2285"]
[BlackElo "2295"]
[PlyCount "94"]
[EventDate "1996.??.??"]
[EventType "team-tourn"]
[EventRounds "12"]
[EventCountry "YUG"]
[SourceTitle "EXT 2000"]
[Source "ChessBase"]
[SourceDate "1999.11.16"]
[SourceVersion "1"]
[SourceVersionDate "1999.11.16"]
[SourceQuality "1"]

1. e4 c5 2. Nf3 Nc6 3. Bb5 g6 4. Bxc6 dxc6 5. d3 Bg7 6. h3 Nf6 7. Nc3 Nd7 8. Be3 e5 9. Qd2 Qe7 10. g4 h6 11. Ne2 Nf8 12. Ng3 b6 13. 0-0-0 Ne6 14. Kb1 Nd4 15. Ne1 Bd7 16. c3 Ne6 17. Ng2 0-0-0 18. h4 Kb7 19. f3 Bc8 20. Qc1 Ka8 21. Ne1 Rd6 22. h5 Nf4 23. Bxf4 exf4 24. Ne2 g5 25. Nc2 Ba6 26. Ne1 Rhd8 27. Qc2 Bc4 28. Nc1 a5 29. Rh2 Qa7 30. Rhd2 Be6 31. Qa4 b5 32. Qc2 a4 33. Ne2 b4 34. c4 b3 35. axb3 Rb8 36. b4 Rxb4 37. Nc3 Qa5 38. Rc1 Rd8 39. Ka2 Rdb8 40. Rb1 Rb3 41. e5 Bxe5 42. Rdd1 Qb4 43. d4 Bxc4 44. Ka1 Bxd4 45. Rxd4 cxd4 46. Na2 Qb5 47. Qd2 Ra3 0-1

[Event "YUG-chT"]
[Site "Niksic"]
[Date "1996.??.??"]
[Round "?"]
[White "Lekic, Dusan"]
[Black "Cabarkapa, Spasoje"]
[Result "1/2-1/2"]
[WhiteElo "2410"]
[BlackElo "2285"]
[PlyCount "119"]
[EventDate "1996.??.??"]
[EventType "team-tourn"]
[EventRounds "12"]
[EventCountry "YUG"]
[SourceTitle "EXT 2000"]
[Source "ChessBase"]
[SourceDate "1999.11.16"]
[SourceVersion "1"]
[SourceVersionDate "1999.11.16"]
[SourceQuality "1"]

1. e4 e5 2. Nf3 d6 3. d4 exd4 4. Nxd4 Nf6 5. Nc3 Be7 6. g3 0-0 7. Bg2 c6 8. 0-0 Nbd7 9. Nf5 Ne5 10. Nxe7+ Qxe7 11. h3 Qc7 12. f4 Nc4 13. Qe2 b5 14. a4 Qa5 15. Kh2 b4 16. Nd1 Ba6 17. Qf3 d5 18. e5 Ne4 19. Re1 Qc5 20. Be3 Qe7 21. Nf2 f5 22. exf6 Nxf6 23. Bd4 Qf7 24. b3 Nd2 25. Qe3 Nde4 26. Nxe4 Nxe4 27. Bxe4 dxe4 28. Qxe4 Rfe8 29. Be5 c5 30. Rad1 Rad8 31. Qc6 Bb7 32. Qxc5 Rc8 33. Qf2 Qf5 34. Rd2 Red8 35. Red1 Rxd2 36. Rxd2 Qe4 37. g4 h5 38. gxh5 Rf8 39. Qg1 Rf7 40. Rd8+ Kh7 41. Qg6+ Qxg6 42. hxg6+ Kxg6 43. Rd4 a5 44. Rc4 Rd7 45. Rc7 Rxc7 46. Bxc7 Be4 47. Bxa5 Bxc2 48. Bxb4 Bxb3 49. a5 Bc4 50. Kg3 Kf5 51. Be7 g6 52. Kf3 Ke6 53. Bd8 Kd7 54. Bb6 Bd3 55. Ke3 Bf5 56. h4 Kc6 57. Kd4 Kb7 58. Ke5 Bd3 59. Be3 Bc2 60. Bd2 1/2-1/2

[Event "YUG-chT"]
[Site "Niksic"]
[Date "1996.??.??"]
[Round "?"]
[White "Maksimovic, Branimir"]
[Black "Cabarkapa, Spasoje"]
[Result "1/2-1/2"]
[WhiteElo "2395"]
[BlackElo "2285"]
[PlyCount "43"]
[EventDate "1996.??.??"]
[EventType "team-tourn"]
[EventRounds "12"]
[EventCountry "YUG"]
[SourceTitle "EXT 2000"]
[Source "ChessBase"]
[SourceDate "1999.11.16"]
[SourceVersion "1"]
[SourceVersionDate "1999.11.16"]
[SourceQuality "1"]

1. d4 Nf6 2. Nf3 d5 3. Bf4 c5 4. e3 Nc6 5. c3 Qb6 6. Qb3 c4 7. Qc2 g6 8. h3 Bf5 9. Qc1 Bg7 10. Nbd2 Qd8 11. b4 a6 12. a4 h6 13. Be2 g5 14. Bh2 Bg6 15. Ne5 Nxe5 16. Bxe5 Qd7 17. a5 0-0 18. 0-0 Ne4 19. Nxe4 Bxe4 20. Bxg7 Kxg7 21. Qe1 Bg6 22. Qd2 1/2-1/2

[Event "YUG-chT"]
[Site "Niksic"]
[Date "1996.??.??"]
[Round "?"]
[White "Rajkovic, Ljubisa"]
[Black "Cabarkapa, Spasoje"]
[Result "1/2-1/2"]
[WhiteElo "2275"]
[BlackElo "2285"]
[PlyCount "47"]
[EventDate "1996.??.??"]
[EventType "team-tourn"]
[EventRounds "12"]
[EventCountry "YUG"]
[SourceTitle "EXT 2000"]
[Source "ChessBase"]
[SourceDate "1999.11.16"]
[SourceVersion "1"]
[SourceVersionDate "1999.11.16"]
[SourceQuality "1"]

1. Nf3 d5 2. d4 c6 3. g3 Nf6 4. Bg2 Nbd7 5. 0-0 e6 6. Nbd2 Be7 7. c4 0-0 8. Qc2 b6 9. e4 Ba6 10. Re1 Bb7 11. e5 Ne8 12. cxd5 cxd5 13. Nf1 Rc8 14. Qd3 Nc7 15. Ne3 Ba6 16. Qb1 Bb4 17. Bd2 Bxd2 18. Nxd2 Nb5 19. Nf3 Qe7 20. h4 Rfe8 21. Bf1 Nc7 22. Bh3 Nf8 23. Qd1 Qb4 24. Qb1 1/2-1/2

[Event "Vrbas IT"]
[Site "Vrbas"]
[Date "1994.??.??"]
[Round "8"]
[White "Cabarkapa, Spasoje"]
[Black "Govedarica, Radovan"]
[Result "1/2-1/2"]
[WhiteElo "2265"]
[BlackElo "2395"]
[PlyCount "107"]
[EventDate "1994.??.??"]
[EventType "tourn"]
[EventRounds "11"]
[EventCountry "YUG"]
[EventCategory "3"]
[SourceTitle "EXT 2002"]
[Source "ChessBase"]
[SourceDate "2001.11.25"]
[SourceVersion "1"]
[SourceVersionDate "2001.11.25"]
[SourceQuality "1"]

1. e4 e6 2. d4 d5 3. Nc3 Bb4 4. e5 Qd7 5. Qg4 f5 6. Qg3 b6 7. Nh3 Ba6 8. Bxa6 Nxa6 9. Nf4 c5 10. 0-0 Bxc3 11. bxc3 Kf7 12. Qd3 c4 13. Qg3 Ne7 14. a4 Nb8 15. Qh3 Nbc6 16. Re1 Ng6 17. Qh5 Nce7 18. h4 Kg8 19. Nh3 Qe8 20. Ba3 Nc6 21. g3 h6 22. Kh2 Qf7 23. Qf3 Nge7 24. Kg2 Rb8 25. Reb1 Kh7 26. h5 Rhf8 27. Nf4 Rbd8 28. a5 Nxa5 29. Bxe7 Qxe7 30. Ng6 Qg5 31. Nxf8+ Rxf8 32. Rb2 Nc6 33. Rba2 Rf7 34. Rh1 Kg8 35. Rh4 Rb7 36. Qd1 a5 37. f4 Qd8 38. Rh3 b5 39. g4 Rf7 40. Ra1 Kh8 41. Rg3 fxg4 42. Qxg4 Qd7 43. Qg6 Rxf4 44. Rf1 Rxf1 45. Kxf1 b4 46. cxb4 axb4 47. Qg4 Qf7+ 48. Rf3 Qg8 49. Ke2 Ne7 50. Rf1 Qc8 51. Rf7 Nf5 52. Rxf5 exf5 53. Qg6 b3 54. e6 1/2-1/2

[Event "Vrbas IT"]
[Site "Vrbas"]
[Date "1994.??.??"]
[Round "2"]
[White "Cabarkapa, Spasoje"]
[Black "Laketic, Gojko"]
[Result "0-1"]
[WhiteElo "2265"]
[BlackElo "2360"]
[PlyCount "162"]
[EventDate "1994.??.??"]
[EventType "tourn"]
[EventRounds "11"]
[EventCountry "YUG"]
[EventCategory "3"]
[SourceTitle "EXT 2002"]
[Source "ChessBase"]
[SourceDate "2001.11.25"]
[SourceVersion "1"]
[SourceVersionDate "2001.11.25"]
[SourceQuality "1"]

1. e4 Nf6 2. e5 Nd5 3. d4 d6 4. c4 Nb6 5. exd6 exd6 6. Nf3 Bg4 7. Be2 Be7 8. 0-0 0-0 9. Be3 Nc6 10. b3 Bf6 11. Nc3 d5 12. c5 Nc8 13. h3 Bxf3 14. Bxf3 N8e7 15. Qd3 b6 16. cxb6 axb6 17. Rfc1 Nb4 18. Qd2 c6 19. a3 Na6 20. b4 Nc7 21. Ne2 Nb5 22. a4 Nd6 23. Ng3 Nc4 24. Qe2 g6 25. Ra2 Qd6 26. Rxc4 dxc4 27. Ne4 Qe6 28. Nxf6+ Qxf6 29. Qxc4 Qe6 30. Qc2 Nd5 31. Bd2 Ra7 32. Ra1 Rd8 33. Rb1 Rb8 34. g3 Qd6 35. a5 bxa5 36. bxa5 Rxb1+ 37. Qxb1 Kg7 38. Qc1 h5 39. h4 Qf6 40. Bxd5 cxd5 41. Qc5 Rd7 42. Bb4 Rd8 43. Qc3 Rb8 44. Kg2 Qe6 45. Qd2 Qa6 46. Qe1 Kg8 47. Qe7 Qc6 48. Bd2 Qe8 49. Qxe8+ Rxe8 50. Bf4 f6 51. Bd6 Kf7 52. Bc5 Ra8 53. Bb6 Ke6 54. f3 Kf5 55. Kh3 Ra6 56. Kg2 g5 57. Kh3 Ra8 58. Kg2 Rc8 59. Bc5 Rc6 60. Kh3 Re6 61. Kg2 Re2+ 62. Kf1 Rh2 63. hxg5 fxg5 64. Bb6 h4 65. gxh4 gxh4 66. Bc7 Rd2 67. Be5 Ra2 68. Bc7 h3 69. Kg1 Kg5 70. Kh1 Kh4 71. Kg1 Kh5 72. Bb6 Kg5 73. Bc7 Kh4 74. Kh1 h2 75. Bxh2 Kh3 76. Bg1 Rxa5 77. f4 Ra1 78. f5 Rf1 79. f6 Kg3 80. f7 Rxf7 81. Bh2+ Kf2 0-1

[Event "Vrbas IT"]
[Site "Vrbas"]
[Date "1994.??.??"]
[Round "5"]
[White "Janov, Viktor"]
[Black "Cabarkapa, Spasoje"]
[Result "1-0"]
[WhiteElo "2285"]
[BlackElo "2265"]
[PlyCount "109"]
[EventDate "1994.??.??"]
[EventType "tourn"]
[EventRounds "11"]
[EventCountry "YUG"]
[EventCategory "3"]
[SourceTitle "EXT 2002"]
[Source "ChessBase"]
[SourceDate "2001.11.25"]
[SourceVersion "1"]
[SourceVersionDate "2001.11.25"]
[SourceQuality "1"]

1. c4 e5 2. g3 Nf6 3. Bg2 Nc6 4. Nc3 Bb4 5. Nd5 Bc5 6. e3 0-0 7. Ne2 Nxd5 8. cxd5 Ne7 9. 0-0 Ng6 10. d4 Bb6 11. dxe5 Nxe5 12. d6 c6 13. Nc3 Re8 14. b3 a5 15. Ba3 Ba7 16. Rc1 Rb8 17. Ne4 f5 18. Nc5 b6 19. Nd3 Ba6 20. Nxe5 Bxf1 21. Nxd7 Bxg2 22. Nxb8 Bxb8 23. Kxg2 Qd7 24. Qd3 c5 25. Rd1 Re6 26. Qxf5 Bxd6 27. Qd5 Kf8 28. Bb2 Rh6 29. h4 Qc8 30. e4 Be7 31. Rd3 Re6 32. Qf5+ Kg8 33. Qg4 g6 34. h5 Qc6 35. Rd5 b5 36. Qf4 gxh5 37. Qb8+ Bf8 38. Qd8 h6 39. Qh4 Qe8 40. Rf5 Qg6 41. Qd8 Re8 42. Qxa5 Rxe4 43. Rf6 Qe8 44. Rf3 h4 45. Qc3 Rd4 46. b4 Qc6 47. bxc5 Bxc5 48. Qb3+ Rc4 49. Qd3 Bd4 50. Bxd4 Rxd4 51. Qxd4 h3+ 52. Kxh3 Qxf3 53. Qg4+ Qxg4+ 54. Kxg4 Kf7 55. f4 1-0

[Event "Vrbas"]
[Site "Vrbas"]
[Date "1993.??.??"]
[Round "7"]
[White "Cabarkapa, Spasoje"]
[Black "Popchev, Milko"]
[Result "0-1"]
[WhiteElo "2310"]
[BlackElo "2470"]
[PlyCount "60"]
[EventDate "1993.??.??"]
[EventType "tourn"]
[EventRounds "11"]
[EventCountry "YUG"]
[EventCategory "5"]
[SourceTitle "EXT 2002"]
[Source "ChessBase"]
[SourceDate "2001.11.25"]
[SourceVersion "1"]
[SourceVersionDate "2001.11.25"]
[SourceQuality "1"]

1. e4 d6 2. d4 Nf6 3. Nc3 g6 4. Be3 c6 5. Qd2 b5 6. Bd3 e5 7. dxe5 dxe5 8. Nf3 Nbd7 9. h3 a6 10. a4 Bb7 11. 0-0 Bg7 12. Ne2 Qe7 13. Ng3 Nc5 14. b3 Rd8 15. Qc3 Nfd7 16. Rfe1 Ne6 17. Qd2 Ndc5 18. Qe2 Nf4 19. Qd2 Nfxd3 20. cxd3 Nxb3 21. Qc3 Nxa1 22. Rxa1 0-0 23. Bc5 Rxd3 24. Qxd3 Qxc5 25. Qd7 Bc8 26. Qc7 b4 27. a5 b3 28. Nf1 b2 29. Rb1 Qc1 30. N3d2 Bh6 0-1

[Event "Novi Sad op"]
[Site "Novi Sad"]
[Date "1989.??.??"]
[Round "6"]
[White "Vujmilovic, Nenad"]
[Black "Cabarkapa, Spasoje"]
[Result "0-1"]
[WhiteElo "2220"]
[BlackElo "2260"]
[PlyCount "86"]
[EventDate "1989.??.??"]
[EventType "swiss"]
[EventRounds "9"]
[EventCountry "YUG"]
[SourceTitle "EXT 2000"]
[Source "ChessBase"]
[SourceDate "1999.11.16"]
[SourceVersion "1"]
[SourceVersionDate "1999.11.16"]
[SourceQuality "1"]

1. d4 g6 2. c4 Bg7 3. Nf3 Nc6 4. d5 Ne5 5. Nxe5 Bxe5 6. e4 Bg7 7. Nc3 c5 8. Be3 d6 9. Qd2 h6 10. f3 a6 11. Be2 Rb8 12. 0-0 Qa5 13. Rac1 b5 14. b3 Bd7 15. Rf2 h5 16. h3 Nh6 17. Bd3 Ng8 18. Re2 Kf8 19. Qe1 Bf6 20. Rcc2 h4 21. Qc1 Bg7 22. f4 Nf6 23. e5 bxc4 24. bxc4 Nh5 25. Bd2 Ng3 26. Re1 Bf5 27. Ne4 Qc7 28. Nxg3 Bxd3 29. Rc3 Rb1 30. Qa3 Rxe1+ 31. Bxe1 hxg3 32. Rxd3 dxe5 33. fxe5 Qxe5 34. Bxg3 Qa1+ 35. Kh2 Bd4 36. h4 Qg1+ 37. Kh3 Qh1+ 38. Kg4 Qxg2 39. Rf3 f5+ 40. Kg5 Kf7 41. Qd3 Rh5+ 42. Kf4 Rxh4+ 43. Bxh4 Qg4# 0-1

[Event "Bela Crkva op"]
[Site "Bela Crkva"]
[Date "1983.??.??"]
[Round "1"]
[White "Cabarkapa, Spasoje"]
[Black "Hjartarson, Johann"]
[Result "0-1"]
[WhiteElo "2285"]
[BlackElo "2395"]
[PlyCount "74"]
[EventDate "1983.06.??"]
[EventType "swiss"]
[EventRounds "13"]
[EventCountry "YUG"]
[SourceTitle "EXT 1998"]
[Source "ChessBase"]
[SourceDate "1997.11.17"]
[SourceVersion "1"]
[SourceVersionDate "1997.11.17"]
[SourceQuality "1"]

1. e4 e6 2. d4 d5 3. Nd2 Nf6 4. e5 Nfd7 5. Bd3 c5 6. c3 Nc6 7. Ne2 cxd4 8. cxd4 f6 9. exf6 Nxf6 10. Nf3 Bd6 11. 0-0 Qc7 12. Bg5 0-0 13. Bh4 g6 14. Bg3 Nh5 15. Nc3 Nxg3 16. hxg3 Qg7 17. Bb5 Nd8 18. Re1 Nf7 19. a3 a6 20. Ba4 b5 21. Bb3 Bd7 22. Ne2 g5 23. Qd2 Kh8 24. Nc3 h5 25. Qe3 Rac8 26. Re2 Rg8 27. Rae1 h4 28. Ne5 Nxe5 29. dxe5 Bc5 30. Qd3 g4 31. Nd1 Qh6 32. Rc2 Be8 33. gxh4 Bg6 34. Qg3 Bxc2 35. Bxc2 Qd2 36. Kh2 Qxe1 37. Qf4 g3+ 0-1